00514nam a2200193Ia 4500008004100000041001200041082001200053100002400065245004000089260004100129300000800170365000800178520001400186546001200200630004000212650001400252655001400266730004000280101110s9999 xx 000 0 und d aENGLISH bSR33039 aSalvatore, Dominicx aInternational Economics 8th edition c2008bWiley India pvt. Ltd,New Delhi a826 b459 aEconomics aENGLISH aInternational Economics 8th edition aEconomics aEconomics aInternational Economics 8th edition